000 04110nam a22002897a 4500
003 DO-CoUTE
005 20260515132540.0
008 260515b dr ||||| |||| 00| 0 spa d
040 _aDO-CoUTE
_bspa
_cDO-CoUTE
041 _aspa
092 _aAGR 2026 V14
100 1 _aVargas José, Johanny
_eSustentante
245 1 0 _aAplicación De Aeronave Pilotada Remotamente (Drone) Para El Mapeo De Nutrientes En Arroz (Oryza Sativa L.) A Escala De Fincas /
_cJohanny Vargas José, Nicol Manzueta Ventura, Ramona Morel Vásquez ; Asesor, Glenny López Rodríguez
260 _aCotuí, República Dominicana ;
_bUTECO,
_c2026
300 _a197 Hojas :
_bGráficos, imágenes ;
_c23cm,
_e+ 1 CD-ROM
502 _aTrabajo de Grado ( Ingeniero Agrónomo ) Universidad Tecnológica del Cibao Oriental, 2026.
504 _aIncluye referencia bibliográfica e índice.
520 _aEste estudio evaluó la utilidad de integrar teledetección de alta resolución mediante aeronaves pilotadas remotamente (RPAS) y monitoreo satelital para caracterizar la variabilidad del cultivo de arroz bajo condiciones reales de manejo en tres fincas de la provincia de La Vega, con el fin de mejorar el diagnóstico agronómico y la toma de decisiones basada en evidencia. El objetivo general fue analizar imágenes RPAS y satelitales en arroz (Oryza sativa L.), considerando las condiciones edafológicas y el estado nutricional foliar, para interpretar la dinámica espacial y temporal del dosel y su relación con la nutrición y el desempeño productivo. La metodología se estructuró en cuatro componentes: (i) caracterización físico-química de suelos (muestreo inicial y final) y del agua de riego en Jima Arriba, Rincón y Las Cabuyas; (ii) adquisición multitemporal de imágenes RPAS en etapas fenológicas contrastantes para generar ortomosaicos RGB y modelos digitales de superficie (MDS), y derivar índices visibles de vigor para evaluar variabilidad intraparcela; (iii) extracción y análisis de series de índices satelitales mediante EOSDA Crop Monitoring, incluyendo índices de verdor/biomasa e índices asociados a red-edge/clorofila; y (iv) análisis integrado de índices espectrales con nutrientes foliares (N, P, K, Ca, Mg y S), nutrientes edáficos y componentes de producción.Los resultados indicaron que la variabilidad intra-parcela y entre fincas se asoció principalmente con un contexto edáfico contrastante (reacción del suelo, sales solubles y disponibilidad relativa de macronutrientes), mientras que el agua de riego se mantuvo, en general, dentro de condiciones compatibles con bajo riesgo inmediato de salinidad y sodicidad bajo manejo adecuado. Los productos RPAS evidenciaron heterogeneidad espacial desde fases tempranas y los índices visibles describieron una dinámica fenológica consistente, con incremento del vigor hacia la fase reproductiva y disminución en maduración asociada a senescencia. Los índices satelitales, especialmente los basados en red-edge/clorofila, resaltaron patrones de heterogeneidad y mostraron asociaciones con nutrientes foliares dependientes de finca y etapa, confirmando que la relación índice–nutriente–rendimiento no es universal y requiere interpretación contextual. En consecuencia, se recomienda implementar manejo de fertilidad diferenciado por finca, mantener monitoreo periódico de sales y sodio, estandarizar el protocolo de vuelo y procesamiento RPAS (metadatos y control de calidad), sincronizar temporalmente imagen y muestreo, usar mapas para verificación dirigida en campo y desarrollar criterios o modelos locales de interpretación espectral calibrados por finca
650 4 _aAplicación de drones
700 1 _aJohanny Vargas José
_eSustentante
700 1 _aNicol Manzueta Ventura
_eSustentante
700 1 _aRamona Morel Vásquez
_eSustentante
700 1 _aGlenny López Rodríguez
_eAsesor
830 _aTesis y disertaciones académicas (Universidad Tecnológica del Cibao Oriental)
856 _yHaga Click Aquí para Descargar en Texto Completo
942 _2ddc
_cTH
999 _c24190
_d24190